• 首页
  • 本馆介绍
  • 公告通知
  • 最新文献
  • 馆藏检索
  • 电子资源
  • 读者导购
  • 参考咨询
  • 我的图书馆
  • 登录
  • 详细信息显示
  • 放入我的书架
  • 预约/预借图书
  • 作者相关作品
  • 分类相关作品
  • 丛书相关作品
  • 出版社相关作品

书目信息

  • 表格格式
  • 工作单格式
  • 卡片格式
题名:
智慧企业工业互联网平台开发与创新
    
 
作者: 彭俊松 著
分册:  
出版信息: 北京   机械工业出版社  2019
页数: 17,258页
开本: 23cm
丛书名: 工业控制与智能制造丛书
单 册:
中图分类: F403-39 , F403
科图分类:
主题词: 互联网络--应用--工业发展--研究
电子资源:
ISBN: 978-7-111-62430-1
000 01159nam0 2200277 450
001 2270260394
005 20221007193113.00
010    @a978-7-111-62430-1@dCNY79.00
100    @a20190520d2019 em y0chiy50 ea
101 0  @achi
102    @aCN@b110000
105    @ay z 000yy
200 1  @a智慧企业工业互联网平台开发与创新@9zhi hui qi ye gong ye hu lian wang ping tai kai fa yu chuang xin@dIndustrial internet design and innovation towards intelligent enterprise@f彭俊松著@zeng
210    @a北京@c机械工业出版社@d2019
215    @a17,258页@d23cm
225 1  @a工业控制与智能制造丛书
300    @a华章科技
330    @a本书重点阐述如何理解和搭建企业的工业互联网数字化架构、如何在这一架构之上规划企业数字化转型的技术路线,以及制造企业如何运用工业互联网技术,在数字化产品、数字化制造、数字化服务三个领域中进行转型与创新。
461  0 @12001 @a工业控制与智能制造丛书
510 1  @aIndustrial internet design and innovation towards intelligent enterprise@zeng
606 0  @a互联网络@x应用@x工业发展@x研究
690    @aF403-39@v5
690    @aF403@v4
701  0 @a彭俊松@9peng jun song@4著
801  0 @aCN@b91MARC@c20190706
905    @aZUCC@dF403@e3
    
    智慧企业工业互联网平台开发与创新=Industrial internet design and innovation towards intelligent enterprise/彭俊松著.-北京:机械工业出版社,2019
    17,258页;23cm.-(工业控制与智能制造丛书)
    华章科技
    
    ISBN 978-7-111-62430-1:CNY79.00
    本书重点阐述如何理解和搭建企业的工业互联网数字化架构、如何在这一架构之上规划企业数字化转型的技术路线,以及制造企业如何运用工业互联网技术,在数字化产品、数字化制造、数字化服务三个领域中进行转型与创新。
●
相关链接 在五车中查询图书 在当当中查询图书 在豆瓣中查询图书


正题名:智慧企业工业互联网平台开发与创新     索取号:F403/3         预约/预借

序号 登录号 条形码 馆藏地/架位号 状态 备注
1 2000912269   2000912269   第三书库/ [索取号:F403/3] 在馆    
2 2000912270   2000912270   第三书库/ [索取号:F403/3] 在馆    
3 2000912271   2000912271   第三书库/ [索取号:F403/3] 在馆    
山东省滨州职业学院图书馆 欢迎您!
大连网信软件有限公司© 版权所有